Countries with Alphabetically Consecutive Letters - Statistics

General Stats
  • This quiz has been taken 735 times
    720 since last reset
  • The average score is 21 of 43
Answer Stats
% Correct
GH Ghana
87%
DE Denmark
82%
NO Norway
80%
FGH/ST Afghanistan
77%
ST/TU Turkmenistan
76%
TUV Tuvalu
75%
ST Kyrgyzstan
73%
ST Kazakhstan
70%
ST Pakistan
70%
ST Uzbekistan
69%
TU Turkey
68%
ST Tajikistan
67%
IJ Fiji
63%
NO North Korea
61%
ST United States
56%
HI China
55%
TU Tunisia
53%
NO North Macedonia
51%
ST Australia
48%
DE Democratic Republic of the Congo
48%
HI Chile
47%
TU Vanuatu
47%
ST Austria
46%
AB United Arab Emirates
44%
ST Estonia
41%
IJ Azerbaijan
40%
AB Gabon
40%
AB Saudi Arabia
39%
DE Sweden
36%
HI Philippines
34%
ST East Timor
33%
HI/OP Ethiopia
31%
ST Costa Rica
30%
DE/ST Federated States of Micronesia
29%
ST Liechtenstein
27%
AB Zimbabwe
27%
DE Bangladesh
25%
DE Cape Verde
25%
TU Portugal
25%
NO Lebanon
24%
RS Marshall Islands
22%
NO San Marino
22%
ST Ivory Coast
19%
No matching quizzes found
Score Distribution
Percent of People with Each Score
Percentile by Number Answered
Your Score History
You have not taken this quiz since the last reset